<?xml version="1.0" encoding="UTF-8"?>
<record
    xmlns:xsi="http://www.w3.org/2001/XMLSchema-instance"
    xsi:schemaLocation="http://www.loc.gov/MARC21/slim http://www.loc.gov/standards/marcxml/schema/MARC21slim.xsd"
    xmlns="http://www.loc.gov/MARC21/slim">

  <leader>00946nam a22001337a 4500</leader>
  <datafield tag="040" ind1=" " ind2=" ">
    <subfield code="c">RUA</subfield>
  </datafield>
  <datafield tag="082" ind1=" " ind2=" ">
    <subfield code="a">AED PHI 2011 B252 Or.1</subfield>
  </datafield>
  <datafield tag="100" ind1=" " ind2=" ">
    <subfield code="a">PHIM, LIDA.</subfield>
  </datafield>
  <datafield tag="245" ind1=" " ind2=" ">
    <subfield code="a">The study on healthy education and clean water on livelihood of Cambodia global action in seb commune kampong tralach district kampong chhnang province, &#x1780;&#x17B6;&#x179A;&#x179F;&#x17B7;&#x1780;&#x17D2;&#x179F;&#x17B6;&#x1796;&#x17B8;&#x1780;&#x17B6;&#x179A;&#x17A2;&#x1794;&#x17CB;&#x179A;&#x17C6;&#x179F;&#x17BB;&#x1781;&#x1797;&#x17B6;&#x1796;&#x17A2;&#x1793;&#x17B6;&#x1798;&#x17D0;&#x1799;&#x1793;&#x17B7;&#x1784;&#x1791;&#x17B9;&#x1780;&#x179F;&#x17D2;&#x17A2;&#x17B6;&#x178F;&#x1791;&#x17C5;&#x179B;&#x17BE;&#x1780;&#x1798;&#x17D2;&#x179A;&#x17B7;&#x178F;&#x1787;&#x17B8;&#x179C;&#x1797;&#x17B6;&#x1796;&#x1794;&#x17D2;&#x179A;&#x1787;&#x17B6;&#x1787;&#x1793;&#x179A;&#x1794;&#x179F;&#x17CB;&#x17A2;&#x1784;&#x17D2;&#x1782;&#x1780;&#x17B6;&#x179A;&#x17A2;&#x1797;&#x17B7;&#x179C;&#x178C;&#x17D2;&#x178D;&#x1793;&#x17CD;&#x1793;&#x17B7;&#x1784;&#x179F;&#x1784;&#x17D2;&#x179A;&#x17D2;&#x1782;&#x17C4;&#x17C7;&#x179F;&#x1780;&#x179B;&#x1780;&#x1798;&#x17D2;&#x1796;&#x17BB;&#x1787;&#x17B6; &#x1793;&#x17C5;&#x1783;&#x17BB;&#x17C6;&#x179F;&#x17C2;&#x1794; &#x179F;&#x17D2;&#x179A;&#x17BB;&#x1780;&#x1780;&#x17C6;&#x1796;&#x1784;&#x17CB;&#x178F;&#x17D2;&#x179A;&#x17A1;&#x17B6;&#x1785; &#x1781;&#x17C1;&#x178F;&#x17D2;&#x178F;&#x1780;&#x17C6;&#x1796;&#x1784;&#x17CB;&#x1786;&#x17D2;&#x1793;&#x17B6;&#x17C6;&#x1784;</subfield>
  </datafield>
  <datafield tag="260" ind1=" " ind2=" ">
    <subfield code="a">Phnom Penh</subfield>
    <subfield code="b">RUA</subfield>
    <subfield code="c">2011</subfield>
  </datafield>
  <datafield tag="300" ind1=" " ind2=" ">
    <subfield code="a">xi; 56p.</subfield>
    <subfield code="b">ill.</subfield>
    <subfield code="c">29cm.</subfield>
  </datafield>
  <datafield tag="856" ind1=" " ind2=" ">
    <subfield code="u">https://drive.google.com/file/d/17ixth5rNIlq8hfUovVeCIK7brYcZ-0F7/view?usp=sharing</subfield>
  </datafield>
  <datafield tag="942" ind1=" " ind2=" ">
    <subfield code="c">AED</subfield>
  </datafield>
  <datafield tag="999" ind1=" " ind2=" ">
    <subfield code="c">4914</subfield>
    <subfield code="d">4914</subfield>
  </datafield>
  <datafield tag="952" ind1=" " ind2=" ">
    <subfield code="0">0</subfield>
    <subfield code="1">0</subfield>
    <subfield code="2">ddc</subfield>
    <subfield code="4">0</subfield>
    <subfield code="6">AED_PHI_2011_000000000000000_B252_OR_1</subfield>
    <subfield code="7">0</subfield>
    <subfield code="9">25689</subfield>
    <subfield code="a">LBB</subfield>
    <subfield code="b">LBB</subfield>
    <subfield code="c">B252</subfield>
    <subfield code="d">2015-12-21</subfield>
    <subfield code="o">AED PHI 2011 B252 Or.1</subfield>
    <subfield code="p">RUA047374</subfield>
    <subfield code="r">2015-12-21</subfield>
    <subfield code="w">2015-12-21</subfield>
    <subfield code="y">AED</subfield>
  </datafield>
  <datafield tag="952" ind1=" " ind2=" ">
    <subfield code="0">0</subfield>
    <subfield code="1">0</subfield>
    <subfield code="2">ddc</subfield>
    <subfield code="4">0</subfield>
    <subfield code="6">AED_PHI_2011_000000000000000_B252_OR_2</subfield>
    <subfield code="7">0</subfield>
    <subfield code="9">25690</subfield>
    <subfield code="a">LBB</subfield>
    <subfield code="b">LBB</subfield>
    <subfield code="c">B252</subfield>
    <subfield code="d">2015-12-21</subfield>
    <subfield code="o">AED PHI 2011 B252 Or.2</subfield>
    <subfield code="p">RUA031446</subfield>
    <subfield code="r">2015-12-21</subfield>
    <subfield code="w">2015-12-21</subfield>
    <subfield code="y">AED</subfield>
  </datafield>
  <datafield tag="952" ind1=" " ind2=" ">
    <subfield code="0">0</subfield>
    <subfield code="1">0</subfield>
    <subfield code="2">ddc</subfield>
    <subfield code="4">0</subfield>
    <subfield code="6">AED_PHI_2011_000000000000000_B252_OR_3</subfield>
    <subfield code="7">0</subfield>
    <subfield code="9">25691</subfield>
    <subfield code="a">LBB</subfield>
    <subfield code="b">LBB</subfield>
    <subfield code="c">B252</subfield>
    <subfield code="d">2015-12-21</subfield>
    <subfield code="l">2</subfield>
    <subfield code="o">AED PHI 2011 B252 Or.3</subfield>
    <subfield code="p">RUA034817</subfield>
    <subfield code="r">2016-06-29</subfield>
    <subfield code="s">2016-06-27</subfield>
    <subfield code="w">2015-12-21</subfield>
    <subfield code="y">AED</subfield>
  </datafield>
  <datafield tag="952" ind1=" " ind2=" ">
    <subfield code="0">0</subfield>
    <subfield code="1">0</subfield>
    <subfield code="2">ddc</subfield>
    <subfield code="4">0</subfield>
    <subfield code="6">AED_PHI_2011_000000000000000_B252_OR_4</subfield>
    <subfield code="7">0</subfield>
    <subfield code="9">25692</subfield>
    <subfield code="a">LBB</subfield>
    <subfield code="b">LBB</subfield>
    <subfield code="c">B252</subfield>
    <subfield code="d">2015-12-21</subfield>
    <subfield code="l">1</subfield>
    <subfield code="o">AED PHI 2011 B252 Or.4</subfield>
    <subfield code="p">RUA034713</subfield>
    <subfield code="r">2018-06-04</subfield>
    <subfield code="s">2018-05-22</subfield>
    <subfield code="w">2015-12-21</subfield>
    <subfield code="y">AED</subfield>
  </datafield>
  <datafield tag="952" ind1=" " ind2=" ">
    <subfield code="0">0</subfield>
    <subfield code="1">0</subfield>
    <subfield code="2">ddc</subfield>
    <subfield code="4">0</subfield>
    <subfield code="6">AED_PHI_2011_000000000000000_B252_OR_5</subfield>
    <subfield code="7">0</subfield>
    <subfield code="9">25693</subfield>
    <subfield code="a">LBB</subfield>
    <subfield code="b">LBB</subfield>
    <subfield code="c">B252</subfield>
    <subfield code="d">2015-12-21</subfield>
    <subfield code="o">AED PHI 2011 B252 Or.5</subfield>
    <subfield code="p">RUA031386</subfield>
    <subfield code="r">2015-12-21</subfield>
    <subfield code="w">2015-12-21</subfield>
    <subfield code="y">AED</subfield>
  </datafield>
  <datafield tag="952" ind1=" " ind2=" ">
    <subfield code="0">0</subfield>
    <subfield code="1">0</subfield>
    <subfield code="2">ddc</subfield>
    <subfield code="4">0</subfield>
    <subfield code="6">AED_PHI_2011_000000000000000_B252_OR_6</subfield>
    <subfield code="7">0</subfield>
    <subfield code="9">25694</subfield>
    <subfield code="a">LBB</subfield>
    <subfield code="b">LBB</subfield>
    <subfield code="c">B252</subfield>
    <subfield code="d">2015-12-21</subfield>
    <subfield code="o">AED PHI 2011 B252 Or.6</subfield>
    <subfield code="p">RUA047435</subfield>
    <subfield code="r">2015-12-21</subfield>
    <subfield code="w">2015-12-21</subfield>
    <subfield code="y">AED</subfield>
  </datafield>
</record>
